|
|
|
|
| LEADER |
00000nam a2200000 a 4500 |
| 001 |
vtls008346585 |
| 003 |
SK-MaSNL |
| 005 |
20260301055304.0 |
| 008 |
251124s1974 xo slo |
| 015 |
|
|
|a SNBA1974
|
| 035 |
|
|
|a SK01SNK19740038802
|
| 035 |
|
|
|a SKM000041265
|
| 040 |
|
|
|a SNK
|b slo
|c SNK
|e AACR2
|
| 041 |
0 |
|
|a slo
|
| 044 |
|
|
|a xo
|c SK
|
| 080 |
|
|
|a 621.7:621.9(437.6)"1954/1974"(058)
|2 1981
|
| 080 |
|
|
|a 621.9(437.6)"1954/1974"(058)
|2 1981
|
| 100 |
1 |
|
|a Milov, M. J.,
|d 1913-1978
|4 aut
|4 com
|9 212729
|
| 245 |
1 |
0 |
|a Dvadsať rokov v službách obyvateľstvu. Montáža, kovospracujúce výrobné družstvo v Žiline
|b 1954-1974
|c sprac. a zost. M.J. Milov
|
| 260 |
|
|
|a Bratislava
|b Svépomoc
|c 1974
|e Žilina
|f Pravda
|
| 300 |
|
|
|a 49, [2] s.
|b tab., fotogr., map.
|c 4°
|
| 366 |
|
|
|e 15000 výt. Len pre služobnú potrebu
|
| 504 |
|
|
|a Bibliogr. Mp. Pre vnútornú potrebu
|
| 610 |
0 |
7 |
|a Montáža, kovospracujúce výrobné družstvo
|c Žilina, Slovensko
|2 SNK
|9 368680
|
| 655 |
|
7 |
|a jubilejné publikácie
|2 SNKPH
|9 70339
|
| 852 |
|
|
|a Slovenská národná knižnica v Martine
|b 10000
|h SB 20870
|
| 852 |
|
|
|a Slovenská národná knižnica v Martine
|b 10000
|h SB 20870 D1
|
| 958 |
|
|
|a OND
|
| 958 |
|
|
|a RK
|
| 958 |
|
|
|a TL
|
| 958 |
|
|
|a NB
|
| 999 |
|
|
|c 613004
|d 614934
|
| 952 |
|
|
|a SNK
|b SNK
|y PREZ
|7 0
|p 17A0901756
|o snkSB 20870
|i snkKSP 4024/74
|0 0
|1 0
|4 0
|d 2014-04-08
|f 1
|l 0
|r 2025-03-21 00:00:00
|w 2026-02-23
|
| 952 |
|
|
|a SNK
|b SNK
|y VYP
|7 0
|p 17A1187392
|o snkSB 20870 D1
|i snkKSP 4025/74
|0 0
|1 0
|4 0
|d 2014-04-08
|l 0
|r 2026-02-23 16:29:11
|w 2026-02-23
|